| 000 | 00713nam a22002657a 4500 | ||
|---|---|---|---|
| 003 | CHAP | ||
| 005 | 20220329133012.0 | ||
| 008 | 971013s1986 r 00010 d | ||
| 010 | _a1149 | ||
| 011 | _a2121 | ||
| 035 | _a1312 | ||
| 040 | _cCHAP | ||
| 082 |
_a500.1 _bA8 |
||
| 245 | _aAtlas de la naturaleza | ||
| 260 |
_aBarcelona : _bJover, _c1986 |
||
| 300 |
_a[85] p. _b: ilus. |
||
| 500 | _a40-148 | ||
| 590 |
_aBATCH-UPD _b10 _c20130110 _lUCH01 _h1741 |
||
| 590 |
_aCONVERSION _b10 _c20130109 _lUCH01 _h1302 |
||
| 650 | 1 | 4 |
_aCiencias naturales. _923181 |
| 700 | 0 |
_aObiols Quinto, J. _982514 |
|
| 901 | _aBK | ||
| 942 | _cLIBRO | ||
| 949 |
_a500.1 A8 _bBC _cC _d33724000503835 _eC _gI. c/e _h78083 _i1312 _si _t45.00 |
||
| 999 |
_c1149 _d1149 |
||